[Event "EU-ch rapid"]
[Site "Warsaw"]
[Date "2013.12.14"]
[Round "3"]
[White "Dourerassou, Jonathan"]
[Black "Dumanski, Aleksander"]
[Result "1-0"]
[WhiteElo "2485"]
[BlackElo "2236"]
[PlyCount "115"]
[EventDate "2013.12.14"]
[EventType "swiss (rapid)"]
[EventRounds "11"]
[EventCountry "POL"]
[SourceTitle "CBM 157 Extra"]
[Source "ChessBase"]
[SourceDate "2013.12.19"]
[SourceVersion "1"]
[SourceVersionDate "2013.12.19"]
[SourceQuality "1"]

1. e4 c5 2. Nf3 Nc6 3. d4 cxd4 4. Nxd4 g6 5. Nc3 Bg7 6. Be3 Nf6 7. Bc4 0-0 8. Bb3 Qa5 9. 0-0 d6 10. h3 Bd7 11. Re1 Qh5 12. Qxh5 Nxh5 13. Rad1 Rfd8 14. Nd5 Kf8 15. c3 Nxd4 16. Bxd4 Bc6 17. Be3 Rd7 18. f3 b6 19. Nb4 Bb7 20. a4 Be5 21. Nd3 Bg7 22. a5 Rb8 23. axb6 axb6 24. Ba4 Rc7 25. Bxb6 Rcc8 26. Bf2 Ba6 27. Nb4 Bc4 28. Ra1 Nf4 29. Red1 Ne2+ 30. Kh1 Nxc3 31. bxc3 Bxc3 32. Nc6 Ra8 33. Na7 Bxa1 34. Rxa1 Rc7 35. Rc1 e6 36. Bb3 d5 37. exd5 exd5 38. Nb5 Rc6 39. Bxc4 dxc4 40. Nc3 h5 41. Ne4 Rac8 42. Bd4 f5 43. Nc3 Rd6 44. Bf2 Rd3 45. Kg1 Rb8 46. Ne2 Rb2 47. Nf4 Rdd2 48. Bc5+ Kf7 49. h4 Rbc2 50. Re1 c3 51. Re7+ Kg8 52. Rc7 Rc1+ 53. Kh2 Ra2 54. Nd5 Ra6 55. Bd4 c2 56. Nf6+ Rxf6 57. Bxf6 Kf8 58. Bg5 1-0

[Event "Mazowiec-chT 1213"]
[Site "Poland"]
[Date "2013.01.13"]
[Round "2.12"]
[White "Paziewski, Marcin"]
[Black "Dumanski, Aleksander"]
[Result "0-1"]
[WhiteElo "1767"]
[BlackElo "2229"]
[PlyCount "62"]
[EventDate "2013.01.13"]
[EventType "team-tourn"]
[EventRounds "10"]
[EventCountry "POL"]
[SourceTitle "EXT 2019"]
[Source "ChessBase"]
[SourceDate "2018.10.10"]
[SourceVersion "1"]
[SourceVersionDate "2018.10.10"]
[SourceQuality "1"]

1. d4 b6 2. c4 Bb7 3. Nc3 e6 4. Bf4 Nf6 5. e3 Be7 6. Nf3 0-0 7. Be2 d6 8. 0-0 Nh5 9. Bg3 f5 10. Ne1 Nxg3 11. hxg3 Nd7 12. Bf3 c6 13. d5 cxd5 14. cxd5 e5 15. e4 g6 16. Rc1 Bg5 17. Rc2 a5 18. Nd3 Ba6 19. Be2 Bxd3 20. Bxd3 Nc5 21. f4 fxe4 22. Nxe4 Nxe4 23. Bxe4 exf4 24. Rcf2 Qe7 25. Qd3 fxg3 26. Rxf8+ Rxf8 27. Rxf8+ Kxf8 28. Qxg3 Qxe4 29. Qxg5 Qe1+ 30. Kh2 Qe5+ 31. Qg3 Ke7 0-1

[Event "EU-ch rapid"]
[Site "Warsaw"]
[Date "2011.12.17"]
[Round "3"]
[White "Dumanski, Aleksander"]
[Black "Zontakh, Andrey"]
[Result "1/2-1/2"]
[WhiteElo "2229"]
[BlackElo "2566"]
[PlyCount "84"]
[EventDate "2011.12.17"]
[EventType "swiss (rapid)"]
[EventRounds "13"]
[EventCountry "POL"]
[SourceTitle "CBM 145 Extra"]
[Source "ChessBase"]
[SourceDate "2012.01.03"]
[SourceVersion "1"]
[SourceVersionDate "2012.01.03"]
[SourceQuality "1"]

1. d4 Nf6 2. c4 e6 3. Nc3 Bb4 4. Bg5 h6 5. Bh4 c5 6. d5 Bxc3+ 7. bxc3 d6 8. e3 Qe7 9. Bd3 Nbd7 10. Ne2 Ne5 11. 0-0 g5 12. Bg3 Nxd3 13. Qxd3 e5 14. f4 e4 15. Qd2 Nh5 16. Rf2 f5 17. a4 Bd7 18. a5 0-0-0 19. Rb1 Kb8 20. Qb2 Bc8 21. Qb5 Qd7 22. Qxd7 Rxd7 23. fxg5 Nxg3 24. Nxg3 hxg5 25. Rxf5 Rdh7 26. Rxg5 Rxh2 27. Rf1 R2h4 28. Rf6 Rd8 29. Rg7 b6 30. axb6 axb6 31. Nf5 Bxf5 32. Rxf5 Rdh8 33. Rff7 Rh1+ 34. Kf2 Rb1 35. Rd7 Rf8+ 36. Kg3 Re1 37. Rxd6 Rxe3+ 38. Kh2 Rh8+ 39. Kg1 Rxc3 40. Rxb6+ Ka8 41. Ra6+ Kb8 42. Rb6+ Ka8 1/2-1/2

[Event "EU-ch rapid"]
[Site "Warsaw"]
[Date "2011.12.17"]
[Round "4"]
[White "Kanarek, Marcel"]
[Black "Dumanski, Aleksander"]
[Result "1-0"]
[WhiteElo "2467"]
[BlackElo "2229"]
[PlyCount "71"]
[EventDate "2011.12.17"]
[EventType "swiss (rapid)"]
[EventRounds "13"]
[EventCountry "POL"]
[SourceTitle "CBM 145 Extra"]
[Source "ChessBase"]
[SourceDate "2012.01.03"]
[SourceVersion "1"]
[SourceVersionDate "2012.01.03"]
[SourceQuality "1"]

1. d4 d5 2. c4 e6 3. Nc3 Nf6 4. Bg5 Be7 5. cxd5 exd5 6. Qc2 0-0 7. e3 Nbd7 8. Bd3 c6 9. Nge2 Re8 10. f3 Nf8 11. 0-0 Nh5 12. Bxe7 Qxe7 13. e4 Be6 14. e5 g6 15. f4 Ng7 16. Nd1 f5 17. Ne3 Rec8 18. Rac1 Nd7 19. Qb3 Rab8 20. Rc2 Kh8 21. Rfc1 Rg8 22. h3 g5 23. Rf1 Nf8 24. fxg5 Qxg5 25. Nf4 Ng6 26. Nxg6+ hxg6 27. Be2 f4 28. Ng4 Nf5 29. Rd1 Rgf8 30. Rc3 Ng3 31. Bf3 Bf5 32. Re1 Ne4 33. Rc2 Ng3 34. Rcc1 Ne4 35. Qb4 Rfd8 36. a4 1-0

[Event "Warsaw AIG Life rapid"]
[Site "Warsaw"]
[Date "2005.12.17"]
[Round "5"]
[White "Dumanski, Aleksander"]
[Black "Sergeev, Vladimir"]
[Result "0-1"]
[WhiteElo "2229"]
[BlackElo "2436"]
[PlyCount "80"]
[EventDate "2005.12.17"]
[EventType "swiss (rapid)"]
[EventRounds "13"]
[EventCountry "POL"]
[SourceTitle "CBM 110 Extra"]
[Source "ChessBase"]
[SourceDate "2006.03.10"]
[SourceVersion "2"]
[SourceVersionDate "2006.03.10"]
[SourceQuality "1"]

1. d4 Nf6 2. c4 d6 3. Nc3 Nbd7 4. e4 e5 5. Nf3 g6 6. Be2 Bg7 7. 0-0 0-0 8. Rb1 h6 9. b4 Nh7 10. dxe5 dxe5 11. Be3 f5 12. Qd5+ Kh8 13. Rbd1 f4 14. Bc5 Nhf6 15. Bxf8 Nxd5 16. Bxg7+ Kxg7 17. Rxd5 c6 18. Rd6 Qe7 19. c5 a5 20. a3 axb4 21. axb4 Ra3 22. Rc1 Rb3 23. Na2 Nf6 24. Nd2 Rb2 25. Bc4 b5 26. Bb3 Ne8 27. Rd3 Be6 28. Rb1 Rxa2 29. Bxa2 Bxa2 30. Ra1 Bc4 31. Nxc4 bxc4 32. Rc3 Qb7 33. Rxc4 Nc7 34. h3 h5 35. Rd1 Nb5 36. Rd8 Qe7 37. Rb8 Nd4 38. Kh1 Qa7 39. Rb6 Qa1+ 40. Kh2 Ne2 0-1